Jeux de société sans voyelles #2 - Statistiques

Statistiques générales
  • Ce quiz a été pris 136 fois
    70 depuis la dernière actualisation
  • Le résultat moyen est 10 sur 20
Statistiques - réponses
Indices Réponses % Correct
PSSNC 4 Puissance 4
90%
Q ST-C ? Qui est-ce ?
90%
L BNN P La Bonne Paye
87%
SHDW HNTRS Shadow Hunters
87%
TM'S P ! Time's Up !
87%
MSTRMND Mastermind
86%
DBBL Dobble
73%
CNCPT Concept
70%
XPLDNG KTTNS Exploding Kittens
68%
RMMKB Rummikub
57%
TM BMB Time Bomb
54%
FST D LS MRTS Fiesta De Los Muertos
37%
MNCHKN Munchkin
33%
SBTR Saboteur
21%
TK TM Take Time
21%
ZMBCD Zombicide
19%
DCK & CVR Duck & Cover
17%
RM-25 Room-25
17%
T BTTL Toy Battle
11%
DRFTSRS Draftosaurus
10%
Aucun quiz correspondant
Distribution des résultats
% des personnes avec chaque résultat
Percentile par nombre de réponses
Votre historique - résultats
Vous n’avez pas pris ce quiz depuis la dernière actualisation